<?xml version="1.0" encoding="UTF-8"?><?xml-stylesheet type="text/xsl" href="static/style.xsl"?><OAI-PMH xmlns="http://www.openarchives.org/OAI/2.0/" xmlns:xsi="http://www.w3.org/2001/XMLSchema-instance" xsi:schemaLocation="http://www.openarchives.org/OAI/2.0/ http://www.openarchives.org/OAI/2.0/OAI-PMH.xsd"><responseDate>2026-06-01T21:35:43Z</responseDate><request verb="GetRecord" identifier="oai:riuma.uma.es:10630/45319" metadataPrefix="marc">https://riuma.uma.es/rest/oai/request</request><GetRecord><record><header><identifier>oai:riuma.uma.es:10630/45319</identifier><datestamp>2026-02-11T00:46:59Z</datestamp><setSpec>com_10630_2254</setSpec><setSpec>col_10630_37953</setSpec></header><metadata><record xmlns="http://www.loc.gov/MARC21/slim" xmlns:dcterms="http://purl.org/dc/terms/" xmlns:doc="http://www.lyncode.com/xoai" xmlns:xsi="http://www.w3.org/2001/XMLSchema-instance" xsi:schemaLocation="http://www.loc.gov/MARC21/slim http://www.loc.gov/standards/marcxml/schema/MARC21slim.xsd">
   <leader>00925njm 22002777a 4500</leader>
   <datafield ind2=" " ind1=" " tag="042">
      <subfield code="a">dc</subfield>
   </datafield>
   <datafield ind2=" " ind1=" " tag="720">
      <subfield code="a">Vargas-Molina, Salvador</subfield>
      <subfield code="e">author</subfield>
   </datafield>
   <datafield ind2=" " ind1=" " tag="720">
      <subfield code="a">Salgado-Ramírez, Ulises</subfield>
      <subfield code="e">author</subfield>
   </datafield>
   <datafield ind2=" " ind1=" " tag="720">
      <subfield code="a">Chulvi-Medrano, Iván</subfield>
      <subfield code="e">author</subfield>
   </datafield>
   <datafield ind2=" " ind1=" " tag="720">
      <subfield code="a">Carbone, Leandro</subfield>
      <subfield code="e">author</subfield>
   </datafield>
   <datafield ind2=" " ind1=" " tag="720">
      <subfield code="a">Maroto-Izquierdo, Sergio</subfield>
      <subfield code="e">author</subfield>
   </datafield>
   <datafield ind2=" " ind1=" " tag="720">
      <subfield code="a">Benítez-Porres, Javier</subfield>
      <subfield code="e">author</subfield>
   </datafield>
   <datafield ind2=" " ind1=" " tag="260">
      <subfield code="c">2021-12-02</subfield>
   </datafield>
   <datafield ind2=" " ind1=" " tag="520">
      <subfield code="a">Purpose
This study aimed to compare the post-activation performance enhancement (PAPE) induced by isometric and isotonic exercise on vertical jump performance.
Methods
18 healthy trained men (25.8±2.7 years; 78.4±8.2 kg; 175.7±6.1 cm; 25.4±1.8 BMI; 126.72 ±10.8 kg squat 1-RM) volunteered for this study. They randomly performed two different PAPE protocols: Isotonic squats (ISOTS), which consisted of 2 sets of 3 repetitions at 75% of onemaximum repetition (1-RM); and isometric squats (ISOMS), which consisted of 2 sets of 4 seconds of submaximal (75% of 1-RM) isometric contraction at 90˚-knee flexion. Countermovement jump (CMJ) height was tested at baseline and 4 minutes after each conditioning set.
Results
CMJ height significantly increased after set 1 in both PAPE protocols (ISOMS: p &lt;0.001; ES = 0.34; ISOTS: p &lt;0.001; ES = 0.24), with respect to the baseline jump. However, after set 2 no significant changes in CMJ height were observed for any protocol (ISOMS: p = 0.162; ES = 0.11; ISOTS: p = 0.976; ES = 0.06). No significant differences (p>0.05) were found between both isometric and isotonic exercise conditions.
Conclusions
Despite both protocols showed similar PAPE effects on CMJ height after set 1, none of the protocols demonstrated greater efficacy in increasing subsequent performance in healthy trained men.</subfield>
   </datafield>
   <datafield ind1="8" ind2=" " tag="024">
      <subfield code="a">Vargas-Molina S, Salgado-Ramı´rez U, Chulvi-Medrano I, Carbone L, Maroto-Izquierdo S, Benı´tez-Porres J (2021) Comparison of postactivation performance enhancement (PAPE) after isometric and isotonic exercise on vertical jump performance. PLoS ONE 16(12): e0260866. https://doi.org/10.1371/journal.pone.0260866</subfield>
   </datafield>
   <datafield ind1="8" ind2=" " tag="024">
      <subfield code="a">https://hdl.handle.net/10630/45319</subfield>
   </datafield>
   <datafield ind1="8" ind2=" " tag="024">
      <subfield code="a">10.1371/journal.pone.0260866</subfield>
   </datafield>
   <datafield tag="653" ind2=" " ind1=" ">
      <subfield code="a">Músculos - Contracción</subfield>
   </datafield>
   <datafield ind2="0" ind1="0" tag="245">
      <subfield code="a">Comparison of post-activation performance enhancement (PAPE) after isometric and isotonic exercise on vertical jump performance</subfield>
   </datafield>
</record>
</metadata></record></GetRecord></OAI-PMH>